Most Instagram Followers for Every NFL Team - Statistics

General Stats
  • This quiz has been taken 15 times
  • The average score is 15 of 32
Answer Stats
Team Followers Player % Correct
KAN 6.8M Patrick Mahomes
100%
CIN 4.1M Joe Burrow
70%
BAL 3.4M Lamar Jackson
70%
PIT 5.6M Russell Wilson
70%
NYJ 2.3M Aaron Rodgers
60%
DET 499K Amon-Ra St. Brown
60%
TBB 1.5M Baker Mayfield
60%
ARI 1.3M Kyler Murray
60%
HOU 1.8M Stefon Diggs
60%
JAX 1M Trevor Lawrence
60%
DEN 388K Zach Wilson
60%
SFF 2.5M Christian McCaffrey
50%
CLE 1.3M Deshaun Watson
50%
NEP 3.2M Juju Smith-Schuster
50%
LAC 630K Justin Herbert
50%
ATL 760K Bijan Robinson
40%
CHI 443K Caleb Williams
40%
SEA 1.8M DK Metcalf
40%
DAL 2.7M Ezekiel Elliott
40%
MIN 1.7M Justin Jefferson
40%
MIA 17.6M Odell Beckham Jr.
40%
PHI 2.5M Saquon Barkley
40%
CAR 506K Adam Thielen
30%
LVR 1.3M Davante Adams
30%
TEN 1.6M DeAndre Hopkins
30%
LAR 1.4M Jimmy Garoppolo
30%
IND 347K Jonathan Taylor
30%
GBP 537K Josh Jacobs
30%
NOS 1.5M Tyrann Mathieu
20%
BUF 2M Von Miller
20%
NYG 339K Darren Waller
10%
WAS 354K Sam Hartman
10%
No matching quizzes found
Score Distribution
Percent of People with Each Score
Percentile by Number Answered
Your Score History
You have not taken this quiz